Gaming Quiz

Random Gaming or Mario Quiz

Video Games by Badly Drawn Image Quiz Stats

 Plays Quiz not verified by Sporcle

Support Sporcle.
Go Orange.
Score 0/10 Timer 03:00
5 Plays Today
% Correct
Pac-Man
96.5%
Super Mario Bros.
96.3%
Sonic the Hedgehog
96.1%
Pokemon
95.9%
Kirby
87.9%
Spyro the Dragon
81%
Mega Man
79.8%
Bomberman
69.9%
PaRappa The Rapper
42.9%
RuneScape
14.4%

You're not logged in!

Compare scores with friends on all Sporcle quizzes.
OR
Log In

From the Vault

Classic Movies by Three Hints

by mchlebbda

If you need a refresher just rewatch the whole movie.
Remove Ads.
Support Sporcle.
Get the best of Sporcle when you Go Orange. This ad-free experience offers more features, more stats, and more fun while also helping to support Sporcle. Thank you for becoming a member.

Show Comments

Extras

Top Quizzes Today


Score Distribution

Your Account Isn't Verified!

In order to create a playlist on Sporcle, you need to verify the email address you used during registration. Go to your Sporcle Settings to finish the process.

Report this User

Report this user for behavior that violates our Community Guidelines.

Details: